000 005910000a22001930004500
003 LK-CoMWRAF
005 20240605102651.0
008 230817t2002 ||||| |||| 00| 0 eng d
040 _aLK-CoMWRAF
_dLK-CoMWRAF
_eLK-CoMWRAF
041 _aeng
082 _a305.42
_bCOL
245 _aCollation of Laws on Women's political participation
260 _aChiangmai:
_bAPWLD,
_c2002
300 _a246 p.
650 _a WOMEN-Political participation
710 _aAsia Pacific Forum on Women, Law and Development
710 _aWomen's Participation In Political Processes Task Force
942 _cBK
999 _c480
_d480